[Event "Penang op-A 15th"]
[Site "Penang"]
[Date "2023.12.18"]
[Round "1"]
[White "Shahar, Uzair"]
[Black "Rajendran, Kartikeyan"]
[Result "1-0"]
[WhiteElo "1917"]
[BlackElo "1429"]
[PlyCount "93"]
[EventDate "2023.12.18"]
[EventType "swiss"]
[EventRounds "9"]
[EventCountry "MAS"]
[SourceTitle "CBM 217 Extra"]
[Source "ChessBase"]
[SourceDate "2024.01.31"]
[SourceVersion "1"]
[SourceVersionDate "2024.01.31"]
[SourceQuality "1"]

1. e4 e5 2. Nf3 Nf6 3. Nxe5 d6 4. Nc4 Nxe4 5. Qe2 Qe7 6. Ne3 Nc6 7. c3 Be6 8. Qf3 d5 9. Bb5 Qf6 10. Qe2 Bd6 11. d3 Nc5 12. b4 Nd7 13. Nxd5 Qe5 14. Bxc6 bxc6 15. Nf4 Qxe2+ 16. Kxe2 Bf5 17. d4 0-0 18. Nd3 Rfe8+ 19. Be3 Nb6 20. g3 Bg4+ 21. Kf1 Bf3 22. Rg1 Nc4 23. Ne1 Bg4 24. h3 Bxh3+ 25. Ke2 Bg4+ 26. Kd3 Nxe3 27. fxe3 Re7 28. e4 Rd8 29. Ke3 Bf5 30. e5 f6 31. Kf4 Bxb1 32. exd6 Re4+ 33. Kf3 cxd6 34. Rxb1 Rde8 35. Ng2 d5 36. Rge1 f5 37. Re3 g5 38. b5 Rb8 39. bxc6 Rxb1 40. c7 g4+ 41. Kf2 Rb2+ 42. Kg1 Rxg2+ 43. Kxg2 Rxe3 44. c8Q+ Kg7 45. Qxf5 Rxc3 46. Qxg4+ Kh8 47. Qf5 1-0